| 000 | 01067nam a2200253Ia 4500 | ||
|---|---|---|---|
| 003 | Ost | ||
| 005 | 20260507075040.0 | ||
| 008 | 260507s9999||||xx |||||||||||||| ||und|| | ||
| 040 | _cfsecg | ||
| 041 | _aara | ||
| 082 | _a330 | ||
| 100 |
_aعفيفي، صديق محمد _eمؤلف |
||
| 245 | 0 |
_aالتسويق الدولي : _bنظم التصدير والإستيراد / _c صديق محمد عفيفي |
|
| 250 | _aطبعة 10 | ||
| 260 |
_aالاسكندرية: _bمكتبة عين شمس, _c2003 |
||
| 300 |
_a583 صفحة؛ _bإيضاحات ؛ _c24 سم |
||
| 504 | _aببلوغرافيا ص.572 | ||
| 520 | _aالتسويق الدولي، محيط التسويق الدولي، التحليل والتنظيم في خدمة التسويق الدولي، رسم سياسات التسويق الدولي، التسويق الدولي في جمهورية مصر العربية دراسة تطبيقية | ||
| 653 | _aالاستيراد | ||
| 653 | _aالتسويق الدولي | ||
| 653 | _aالتصدير | ||
| 653 | _aمصر | ||
| 942 | _cكتاب | ||
| 999 |
_c42506 _d42506 |
||